00733nam a2200181 a 4500003000200000005001700002008004100019050003100060100003000091245012300121260009000244300004000334504004100374650004100415650003500456650003000491650003000521020250318072052.0080915s19uu xx 00 eng d aPHS QK 569.E83b.Ma41 2008 aMatibag, Viktoria Ines P. aThe Effect of Guso (Eucheuma denticulatum) extract on the growth of S. aureus and E. coli /cViktoria Ines P. Matibag. aLas Piñas City, Philippines :bSouthville International School and Colleges,c2008. a36 pages :billustrations ;c28 cm. aIncludes bibliographical references. aEucheumaxExtractsvTherapeutic use. aStaphylococcus aureusxGrowth. aEscherichia colixGrowth. aSeaweedxTherapeutic use.